Deutsche Dichter und Schriftsteller in der Schule
Elmentve itt :
| Szerzők: | |
|---|---|
| Dokumentumtípus: | Cikk |
| Sorozat: | Kolligátum
|
| Kulcsszavak: | Német irodalom |
| Online Access: | http://misc.bibl.u-szeged.hu/24265 |
| LEADER | 00555nab a2200169 i 4500 | ||
|---|---|---|---|
| 001 | misc24265 | ||
| 005 | 20191111110819.0 | ||
| 008 | 170718suuuu hu o 0|| zxx d | ||
| 040 | |a SZTE Miscellanea Repozitórium |b hun | ||
| 041 | |a zxx | ||
| 100 | 1 | |a Meyer Theodor | |
| 245 | 1 | 0 | |a Deutsche Dichter und Schriftsteller in der Schule |h [elektronikus dokumentum] / |c Meyer Theodor |
| 300 | |a 1-30 | ||
| 490 | 0 | |a Kolligátum | |
| 695 | |a Német irodalom | ||
| 700 | 0 | 1 | |a Binder Hermann |e aut |
| 856 | 4 | 0 | |u http://misc.bibl.u-szeged.hu/24265/1/011_007_001-030.pdf |z Dokumentum-elérés |